Idolatrías, extirpaciones y resistencias en la imaginería religiosa de Los Andes : Siglo XVII y XVIII. Analisis iconográficos de una piedra de Huamanga /

El siguiente artículo intenta establecer si las monjas y los monasteris cumplen un papel gravitatorio en la sociedad colonial, resulta de interés evaluar la labor en torno a ambas dimensiones llevada a cabo por una escritora laica cuya producción se forja y se da a conocer entre las décadas de 1850...

Descripción completa

Detalles Bibliográficos
Autor principal: Gutierréz De Angelis, Marina
Formato: Analitica de revista
Lenguaje:español
Publicado: Salta, Argentina Centro Promocional de las Investigaciones en Historia y Antropología 2010

MARC

LEADER 00000cab a2200000 a 4500
001 024752
003 UAHC_CL
005 20170810160235.0
008 100317s2006 ar 000 spa
952 |0 0  |1 0  |4 0  |6 ANDES_SALTA21_10_000000000000000  |7 0  |8 General  |9 49456  |a BC  |b BC  |c General  |d 2017-08-03  |l 0  |o ANDES (SALTA)-21/10  |p FICTICIO356  |r 2019-01-08 00:00:00  |t 1  |w 2017-08-03  |y REVA 
999 |c 24752  |d 24752 
040 |a UAHC_CL  |c UAHC_CL  |d UAHC_CL 
100 1 |a Gutierréz De Angelis, Marina 
245 1 0 |a Idolatrías, extirpaciones y resistencias en la imaginería religiosa de Los Andes :  |b Siglo XVII y XVIII. Analisis iconográficos de una piedra de Huamanga /  |c Marina Gutierréz De Angelis. 
260 |b Centro Promocional de las Investigaciones en Historia y Antropología  |a Salta, Argentina  |c 2010 
300 |a p. 61-94 
310 |a Semestral 
500 |a En: Andes. Antropología e historia. No. 21, 2010. pp. 61-94. ISSN: 03271676. 
520 |a El siguiente artículo intenta establecer si las monjas y los monasteris cumplen un papel gravitatorio en la sociedad colonial, resulta de interés evaluar la labor en torno a ambas dimensiones llevada a cabo por una escritora laica cuya producción se forja y se da a conocer entre las décadas de 1850 y 1890. 
773 0 |t Andes : Antropología e historia  |w 024711 
900 |a ANDES (SALTA)-21/10 
942 |c REVA  |2 ddc